Campeones del fútbol argentino - Estadísticas

Estadísticas generales
  • Esta prueba ha sido intentada 1.237 veces
    1.211 desde el último reinicio
  • La puntuación promedio es 14 de 17
Estadísticas de respuestas
Último título Equipo % Correcto
Campeonato 2016/17 Boca Juniors
100%
Final 2014 River Plate
100%
Apertura 2002 Independiente
95%
Transición 2014 Racing Club
95%
Inicial 2013 San Lorenzo
91%
Final 2013 Newell's Old Boys
86%
Apertura 2010 Estudiantes de La Plata
84%
Inicial 2012 Vélez Sarsfield
83%
Torneo 2016 Lanús
82%
Campeonato 1986/87 Rosario Central
81%
Metropolitano 1973 Huracán
75%
Apertura 2009 Banfield
73%
Clausura 2010 Argentinos Juniors
71%
Clausura 2012 Arsenal
67%
Nacional 1984 Ferro Carril Oeste
63%
Metropolitano 1969 Chacarita Juniors
58%
Metropolitano 1978 Quilmes
46%
No se encontraron pruebas coincidentes
Distribución de puntuación
Porcentaje de gente con cada puntuación
Porcentaje por número respondido
Historial de tus puntuaciones
No has intentado esta prueba desde el último reinicio